Manual de derecho procesal penal /

El Manual de Derecho Procesal Penal tiene por objeto entregar a los lectores una visión lo más completa y esquemática posible del nuevo proceso penal, con un enfoque didáctico que permite abordar las siguientes cuestiones relativas al nuevo procedimiento:\1. La estructura orgánica del nuevo procedim...

Full description

Bibliographic Details
Main Author: Medina Jara, Rodrigo
Other Authors: Morales Palacios, Luis Elías, Dorn Garrido, Carlos
Format: Libro
Language:Spanish
Published: Santiago, Chile Lexis Nexis 2007
Edition:2a. ed.
Subjects:
Online Access:

MARC

LEADER 00000cam a2200000 a 4500
001 011853
003 UAHC_CL
005 20170803120829.0
008 071227s2007 cl 000 spa
020 |a 956238571X 
040 |a UAHC_CL  |c UAHC_CL  |d UAHC_CL 
082 0 4 |a 345.8305  |b M491  |2 21 
100 1 |a Medina Jara, Rodrigo 
245 1 0 |a Manual de derecho procesal penal /  |c Rodrigo Medina Jara, Luis Morales Palacios, Carlos Dorn Garrido. 
250 |a 2a. ed. 
260 |b Lexis Nexis  |a Santiago, Chile  |c 2007 
300 |a v, 317 p. 
520 |a El Manual de Derecho Procesal Penal tiene por objeto entregar a los lectores una visión lo más completa y esquemática posible del nuevo proceso penal, con un enfoque didáctico que permite abordar las siguientes cuestiones relativas al nuevo procedimiento:\1. La estructura orgánica del nuevo procedimiento. En ella se abordan, analizan y critican los nuevos actores de la Reforma Procesal Penal: El Ministerio Público, la Defensoría Penal Pública y los nuevos tribunales que intervienen en el procedimiento, los tribunales de garantía y los tribunales orales en lo penal. El sentido del análisis es descriptivo y crítico, tendiente a que se reconozcan las funciones y atribuciones de los organismos intervinientes y se informe críticamente sobre su estructura y ubicación normativa.\2. Los Principios del Nuevo proceso penal, materializados, básicamente, en los primeros trece artículos del Código Procesal Penal, entre los que debemos destacar los principios de presunción de inocencia, restricción de las medidas coactivas de derechos y el de vigencia de los derechos fundamentales.\3. Las disposiciones generales del Código, dedicadas a la actividad procesal, entre las que cabe mencionar a las normas relativas a comunicaciones, notificaciones, plazos, costas y registros de actuaciones.\4. Los sujetos procesales, comenzando por el tribunal y los fiscales. Se ha incluido aquí un análisis de la actividad investigativa de estos últimos y su relación con las policías.\5. La formalización y sus características, elementos y desarrollo.\6. Las medidas cautelares, tanto personales como reales. 
650 4 |a DERECHO PROCESAL PENAL  |z CHILE  |v MANUALES 
653 |a DERECHO 
700 1 |a Morales Palacios, Luis Elías 
700 1 |a Dorn Garrido, Carlos 
900 |a 345.8305 MED 
942 |c BK 
952 |0 0  |1 0  |4 0  |6 345_830500000000000_MED  |7 0  |8 General  |9 24093  |a BC  |b BC  |c General  |d 2017-08-03  |l 2  |o 345.8305 MED  |p 1361863  |r 2026-01-13 00:00:00  |s 2017-12-15  |t 1  |w 2017-08-03  |y BK 
952 |0 0  |1 0  |4 0  |6 345_830500000000000_MED  |7 0  |8 General  |9 24094  |a BC  |b BC  |c General  |d 2017-08-03  |l 7  |m 2  |o 345.8305 MED  |p 1361864  |r 2026-01-13 00:00:00  |s 2023-06-16  |t 2  |w 2017-08-03  |y BK 
999 |c 11853  |d 11853